| 000 | 00447nam a2200181Ia 4500 | ||
|---|---|---|---|
| 005 | 20240913125733.0 | ||
| 008 | 240913s9999||||xx |||||||||||||| ||und|| | ||
| 041 | _aENGLISH | ||
| 082 | _A659.133 N3 | ||
| 100 | _aHodgson, Richard S | ||
| 245 | 0 | _aDirect mail and Mail Order Handbook | |
| 250 | _a3rd | ||
| 260 |
_c1993 _bUBS,New Delhi |
||
| 500 | _aREFERENCE | ||
| 650 |
_aManagement _bManagement Studies |
||
| 942 | _cREF | ||
| 999 |
_c246164 _d246164 |
||